[Event "Foxwoods op 16th"]
[Site "Ledyard"]
[Date "2024.03.31"]
[Round "8"]
[White "Adewumi, Tanitoluwa"]
[Black "Ippolito, Dean"]
[Result "1-0"]
[WhiteElo "2351"]
[BlackElo "2365"]
[PlyCount "83"]
[EventDate "2024.03.27"]
[EventType "swiss"]
[EventRounds "9"]
[EventCountry "USA"]
[SourceTitle "CB14_2024"]
[SourceDate "2024.04.01"]
[SourceVersion "1"]
[SourceVersionDate "2024.04.01"]
[SourceQuality "1"]

1. Nf3 Nf6 2. b3 d5 3. Bb2 e6 4. e3 Be7 5. c4 0-0 6. g3 b6 7. Bg2 Bb7 8. 0-0 c5 9. Nc3 Nbd7 10. Rc1 Rc8 11. Re1 dxc4 12. bxc4 Bxf3 13. Bxf3 Ne5 14. Be2 Nd3 15. Bxd3 Qxd3 16. Qb3 Qf5 17. d4 h5 18. d5 h4 19. Qc2 Qh3 20. Ne4 Ng4 21. f3 exd5 22. cxd5 f5 23. fxg4 fxe4 24. Qxe4 hxg3 25. Qe6+ Kh7 26. Qe4+ Kg8 27. hxg3 Qxg3+ 28. Qg2 Qh4 29. Be5 Bg5 30. Bc3 Rce8 31. Bd2 Rf6 32. Re2 Rg6 33. Rc4 Bf6 34. d6 Rd8 35. Qd5+ Kf8 36. Rh2 Rxg4+ 37. Rxg4 Qxg4+ 38. Kf1 Qd1+ 39. Kf2 g6 40. Rh7 Bg7 41. Rxg7 Kxg7 42. Bc3+ 1-0

[Event "Foxwoods op 16th"]
[Site "Ledyard"]
[Date "2024.03.30"]
[Round "7"]
[White "Ippolito, Dean"]
[Black "Burke, John M"]
[Result "0-1"]
[WhiteElo "2365"]
[BlackElo "2574"]
[PlyCount "80"]
[EventDate "2024.03.27"]
[EventType "swiss"]
[EventRounds "9"]
[EventCountry "USA"]
[SourceTitle "CB14_2024"]
[SourceDate "2024.04.01"]
[SourceVersion "1"]
[SourceVersionDate "2024.04.01"]
[SourceQuality "1"]

1. d4 d5 2. c4 e6 3. Nf3 Nf6 4. g3 Bb4+ 5. Bd2 a5 6. Bg2 0-0 7. Qc2 Be7 8. 0-0 c6 9. Bf4 Nbd7 10. Rd1 h6 11. Ne5 a4 12. Nc3 a3 13. e4 axb2 14. Qxb2 Nb6 15. a4 Nxc4 16. Nxc4 dxc4 17. Qe2 b5 18. d5 exd5 19. exd5 Bg4 20. f3 Bc5+ 21. Kh1 Bf5 22. Ne4 Qe7 23. dxc6 Nxe4 24. fxe4 bxa4 25. Qxc4 Be6 26. Qb5 a3 27. c7 g5 28. Be5 f6 29. Bxf6 Rxf6 30. e5 Rff8 31. Bxa8 Rxa8 32. Rd8+ Kg7 33. h4 Qxc7 34. Rxa8 Bd5+ 35. Kh2 Bxa8 36. Rc1 Qd8 37. Qxc5 Qd2+ 38. Kh3 Qg2+ 39. Kg4 Qf3+ 40. Kh3 g4+ 0-1

[Event "Foxwoods op 16th"]
[Site "Ledyard"]
[Date "2024.03.30"]
[Round "6"]
[White "Rychkov, Roman"]
[Black "Ippolito, Dean"]
[Result "0-1"]
[WhiteElo "2037"]
[BlackElo "2365"]
[PlyCount "150"]
[EventDate "2024.03.27"]
[EventType "swiss"]
[EventRounds "9"]
[EventCountry "USA"]
[SourceTitle "CB14_2024"]
[SourceDate "2024.04.01"]
[SourceVersion "1"]
[SourceVersionDate "2024.04.01"]
[SourceQuality "1"]

1. e4 e5 2. Nf3 Nc6 3. Bc4 Nf6 4. d3 Bc5 5. 0-0 d6 6. Nc3 a6 7. a4 h6 8. Be3 Bg4 9. h3 Bh5 10. g4 Bg6 11. Kh2 h5 12. gxh5 Bxh5 13. Kg2 Qd7 14. Rh1 0-0-0 15. Nd5 Bg4 16. h4 Bxe3 17. fxe3 Nxd5 18. Bxd5 Ne7 19. Qe1 Nxd5 20. exd5 Bxf3+ 21. Kxf3 Qf5+ 22. Ke2 e4 23. Qb4 exd3+ 24. cxd3 Qxd5 25. Rhg1 Rde8 26. Rg5 Qc6 27. Kd2 Qf3 28. Qg4+ Qxg4 29. Rxg4 g6 30. Rf1 Re7 31. Rgf4 Rh7 32. e4 Kd7 33. d4 Ke8 34. Kd3 Rh5 35. b4 c6 36. Rg1 a5 37. Rg5 Rxg5 38. hxg5 axb4 39. Kc4 c5 40. dxc5 dxc5 41. Kxc5 b3 42. Kd4 b2 43. Rf1 Rc7 44. Rb1 Rc2 45. Kd3 Rg2 46. Kc3 Ke7 47. Kc4 Kd6 48. Kb5 Kc7 49. Kc4 Kb6 50. Kb4 Ka6 51. Ka3 Ka5 52. Rf1 Rf2 53. Rd1 Re2 54. Rd5+ Ka6 55. Rb5 Rxe4 56. Rxb2 Re5 57. Rg2 Re3+ 58. Kb4 Re4+ 59. Kb3 Re5 60. Kb4 b6 61. Rg4 Rf5 62. Kc4 Ka5 63. Kb3 Rf1 64. Re4 Rf3+ 65. Kb2 Rg3 66. Rf4 Rxg5 67. Rxf7 Kxa4 68. Rf4+ Kb5 69. Rf6 Rg3 70. Re6 g5 71. Rg6 Kc5 72. Kc2 b5 73. Rg8 Kb4 74. Kb2 Rg2+ 75. Kc1 Kb3 0-1

[Event "Foxwoods op 16th"]
[Site "Ledyard"]
[Date "2024.03.28"]
[Round "3"]
[White "Ippolito, Dean"]
[Black "Kevlishvili, Robby"]
[Result "0-1"]
[WhiteElo "2365"]
[BlackElo "2524"]
[PlyCount "82"]
[EventDate "2024.03.27"]
[EventType "swiss"]
[EventRounds "9"]
[EventCountry "USA"]
[SourceTitle "CB14_2024"]
[SourceDate "2024.04.01"]
[SourceVersion "1"]
[SourceVersionDate "2024.04.01"]
[SourceQuality "1"]

1. d4 Nf6 2. c4 e6 3. g3 d5 4. Bg2 Bb4+ 5. Bd2 Be7 6. Nf3 0-0 7. 0-0 Nbd7 8. Qc2 c6 9. Bf4 a5 10. Rd1 a4 11. Ne5 Qa5 12. h4 Nxe5 13. dxe5 Nd7 14. cxd5 exd5 15. e4 dxe4 16. Qxe4 Nc5 17. Qe2 Bf5 18. Bd2 Qa6 19. Qxa6 Rxa6 20. Bb4 Re8 21. Nd2 Bg4 22. f3 Be6 23. Bf1 Raa8 24. Nc4 Nd7 25. Bxe7 Rxe7 26. f4 f6 27. exf6 gxf6 28. Re1 Kf8 29. Rad1 b5 30. Nd6 Bg4 31. Rc1 a3 32. b3 Rxe1 33. Rxe1 Nc5 34. Rc1 Rd8 35. Nxb5 cxb5 36. Rxc5 Rd1 37. Rc2 Bh3 38. Rf2 Ra1 39. b4 f5 40. Rf3 Kg7 41. Rf2 Kg6 0-1

[Event "Foxwoods op 16th"]
[Site "Ledyard"]
[Date "2024.03.27"]
[Round "1"]
[White "Ippolito, Dean"]
[Black "Weeramantry, Sunil"]
[Result "1-0"]
[WhiteElo "2365"]
[BlackElo "2003"]
[PlyCount "104"]
[EventDate "2024.03.27"]
[EventType "swiss"]
[EventRounds "9"]
[EventCountry "USA"]
[SourceTitle "CB14_2024"]
[SourceDate "2024.04.01"]
[SourceVersion "1"]
[SourceVersionDate "2024.04.01"]
[SourceQuality "1"]

1. d4 Nf6 2. c4 g6 3. Nf3 Bg7 4. g3 0-0 5. Bg2 d6 6. Nc3 Nc6 7. 0-0 Bg4 8. d5 Na5 9. b3 c5 10. Bd2 a6 11. h3 Bd7 12. e4 b5 13. e5 Ne8 14. Qe1 bxc4 15. Nd1 Nb7 16. bxc4 dxe5 17. Nxe5 Ned6 18. Bc3 Bxe5 19. Qxe5 f6 20. Qe2 Rf7 21. g4 Na5 22. Ne3 Naxc4 23. Nxc4 Bb5 24. Rfc1 Bxc4 25. Qe3 Rc8 26. a4 Qc7 27. Ra3 Rb8 28. Bd2 Rb2 29. Rac3 Qa5 30. R3c2 Rb4 31. Rxc4 Qxa4 32. Bxb4 Nxc4 33. Qxc5 Nd6 34. Qa5 Qb3 35. Bxd6 exd6 36. Qd8+ Kg7 37. Rc7 Qd1+ 38. Kh2 Qd4 39. Rxf7+ Kxf7 40. Qd7+ Kg8 41. Qxd6 Qxf2 42. Qg3 Qd2 43. Qb8+ Kg7 44. Qa7+ Kh6 45. Qxa6 Kg5 46. Qf1 h5 47. h4+ Kxh4 48. Qxf6+ g5 49. Qe5 Qd3 50. d6 Kxg4 51. Qe4+ Qxe4 52. Bxe4 Kf4 1-0

[Event "US Masters op"]
[Site "Charlotte"]
[Date "2023.11.23"]
[Round "2"]
[White "Ippolito, Dean"]
[Black "Koustav, Chatterjee"]
[Result "1/2-1/2"]
[WhiteElo "2356"]
[BlackElo "2547"]
[PlyCount "59"]
[EventDate "2023.11.22"]
[EventType "swiss"]
[EventRounds "9"]
[EventCountry "USA"]
[SourceTitle "CB48_2023"]
[SourceDate "2023.11.29"]
[SourceVersion "1"]
[SourceVersionDate "2023.11.29"]
[SourceQuality "1"]

1. d4 Nf6 2. c4 e6 3. g3 c5 4. d5 exd5 5. cxd5 d6 6. Nc3 g6 7. Bg2 Bg7 8. Nf3 0-0 9. 0-0 Re8 10. Re1 a6 11. a4 Nbd7 12. Qc2 Ng4 13. h3 Nge5 14. Nd2 f5 15. f4 Nf7 16. Nc4 Nf6 17. a5 Bd7 18. b3 Qc7 19. Bb2 Re7 20. e4 fxe4 21. Nxe4 Nxe4 22. Bxg7 Kxg7 23. Rxe4 Rxe4 24. Qxe4 Re8 25. Qc2 Qd8 26. Qc3+ Qf6 27. Qxf6+ Kxf6 28. Kf2 Bf5 29. Ne3 Bd7 30. Re1 1/2-1/2

[Event "Charlotte CCCSA Fall GM-B"]
[Site "Charlotte"]
[Date "2023.11.20"]
[Round "8"]
[White "Gedajlovic, Max"]
[Black "Ippolito, Dean"]
[Result "1-0"]
[WhiteElo "2407"]
[BlackElo "2356"]
[PlyCount "49"]
[EventDate "2023.11.17"]
[EventType "tourn"]
[EventRounds "9"]
[EventCountry "USA"]
[EventCategory "8"]
[SourceTitle "CB48_2023"]
[SourceDate "2023.11.29"]
[SourceVersion "1"]
[SourceVersionDate "2023.11.29"]
[SourceQuality "1"]

1. d4 d5 2. c4 e6 3. Nc3 Be7 4. cxd5 exd5 5. Bf4 c6 6. Qc2 Nf6 7. h3 g6 8. e3 Bf5 9. Qd2 h5 10. Nf3 Bd6 11. Bd3 Ne4 12. Bxe4 dxe4 13. Ng5 Bb4 14. f3 exf3 15. e4 fxg2 16. Rg1 f6 17. exf5 fxg5 18. Bxg5 Be7 19. Qe3 gxf5 20. 0-0-0 Kd7 21. Rxg2 Bxg5 22. Rxg5 Re8 23. Rg7+ Re7 24. Rdg1 Qe8 25. Qe5 1-0

[Event "Charlotte CCCSA Fall GM-B"]
[Site "Charlotte"]
[Date "2023.11.19"]
[Round "5"]
[White "Ringoir, Tanguy"]
[Black "Ippolito, Dean"]
[Result "1-0"]
[WhiteElo "2507"]
[BlackElo "2356"]
[PlyCount "63"]
[EventDate "2023.11.17"]
[EventType "tourn"]
[EventRounds "9"]
[EventCountry "USA"]
[EventCategory "8"]
[SourceTitle "CB48_2023"]
[SourceDate "2023.11.29"]
[SourceVersion "1"]
[SourceVersionDate "2023.11.29"]
[SourceQuality "1"]

1. d4 d5 2. c4 e6 3. Nf3 Nf6 4. g3 Be7 5. Bg2 0-0 6. Qd3 c5 7. 0-0 cxd4 8. Nxd4 Nc6 9. cxd5 Nxd4 10. Qxd4 Nxd5 11. Nc3 Bf6 12. Qc4 Nxc3 13. bxc3 Bd7 14. Bxb7 Rb8 15. Rb1 Bc8 16. Be4 Rxb1 17. Bxb1 Qa5 18. Qe4 g6 19. c4 Ba6 20. Be3 Rc8 21. Bd3 Qxa2 22. c5 Bb2 23. Rb1 f5 24. Qb4 Bxd3 25. Rxb2 Qa1+ 26. Kg2 Be4+ 27. f3 Bc6 28. Qc3 e5 29. Bh6 Qd1 30. Rd2 Qb1 31. Qc4+ Kh8 32. Qf7 1-0

[Event "Charlotte CCCSA Fall GM-B"]
[Site "Charlotte"]
[Date "2023.11.18"]
[Round "3"]
[White "Wang, Tianqi"]
[Black "Ippolito, Dean"]
[Result "0-1"]
[WhiteElo "2350"]
[BlackElo "2356"]
[PlyCount "84"]
[EventDate "2023.11.17"]
[EventType "tourn"]
[EventRounds "9"]
[EventCountry "USA"]
[EventCategory "8"]
[SourceTitle "CB48_2023"]
[SourceDate "2023.11.29"]
[SourceVersion "1"]
[SourceVersionDate "2023.11.29"]
[SourceQuality "1"]

1. d4 d5 2. Nf3 Nf6 3. c3 e6 4. Bf4 c5 5. e3 Nc6 6. Nbd2 Bd6 7. dxc5 Bxc5 8. Bd3 Bd6 9. Bxd6 Qxd6 10. Qe2 Ne5 11. Nxe5 Qxe5 12. f4 Qc7 13. 0-0 Bd7 14. Nf3 0-0 15. Ne5 Be8 16. Qf3 Nd7 17. Qh3 f5 18. Nf3 Qb6 19. Kh1 Qxe3 20. Bc2 Qxf4 21. Rae1 Nc5 22. Nd4 Qd6 23. b4 Ne4 24. Nxe6 Rf6 25. Nd4 Bd7 26. Bxe4 dxe4 27. Qe3 Qc7 28. Rf2 Qc4 29. Nb3 b6 30. Nd2 Qc7 31. Rc1 Bc6 32. Rcf1 Bb5 33. Rc1 Rd8 34. c4 Rd3 35. Qe2 Bc6 36. Nf1 f4 37. b5 Bb7 38. Qh5 Qd7 39. Qe5 f3 40. gxf3 Rdxf3 41. Rxf3 exf3 42. c5 bxc5 0-1

[Event "Charlotte Carolinas op"]
[Site "Charlotte"]
[Date "2023.06.11"]
[Round "5"]
[White "Ippolito, Dean"]
[Black "Amburgy, Ryan"]
[Result "1-0"]
[WhiteElo "2385"]
[BlackElo "2295"]
[PlyCount "139"]
[EventDate "2023.06.09"]
[EventType "swiss"]
[EventRounds "5"]
[EventCountry "USA"]
[SourceTitle "CBM 214 Extra"]
[Source "ChessBase"]
[SourceDate "2023.07.31"]
[SourceVersion "1"]
[SourceVersionDate "2023.07.31"]
[SourceQuality "1"]

1. d4 d5 2. c4 e6 3. Nf3 Nf6 4. g3 Bb4+ 5. Bd2 Bd6 6. Nc3 0-0 7. Bg5 c6 8. Bg2 Nbd7 9. e4 dxe4 10. Nxe4 Bb4+ 11. Nc3 h6 12. Bf4 e5 13. dxe5 g5 14. exf6 gxf4 15. 0-0 Bxc3 16. bxc3 Qxf6 17. Qd4 Qxd4 18. cxd4 Nb6 19. c5 Nd5 20. Rab1 fxg3 21. hxg3 Rd8 22. Rb3 Nc7 23. Re1 Kf8 24. Re4 Rb8 25. Rh4 Be6 26. Rb2 Kg7 27. Ne5 f6 28. Nf3 Re8 29. Nd2 Bd5 30. Ne4 Bxe4 31. Rxe4 Ne6 32. Bh3 Kf7 33. Bg4 Ng7 34. Rxe8 Kxe8 35. d5 cxd5 36. c6 Kd8 37. cxb7 Ne8 38. Bf3 Nc7 39. Kg2 Kd7 40. Kh3 Kc6 41. Kg4 Rxb7 42. Rxb7 Kxb7 43. Kf5 Kc6 44. Kxf6 Na6 45. g4 Nb4 46. Kg6 Nd3 47. Kxh6 Nxf2 48. g5 Ne4 49. g6 Nf6 50. Kg7 Nd7 51. Kf7 Ne5+ 52. Kf6 Kd6 53. g7 Nd7+ 54. Kg5 Ne5 55. Bxd5 Kxd5 56. g8Q+ Kc5 57. Qf8+ Kd5 58. Qa8+ Nc6 59. Kf4 Kd6 60. Ke4 Kc5 61. a3 Kd6 62. Qf8+ Kc7 63. Kd5 Nb8 64. Qd6+ Kb7 65. Qe7+ Kb6 66. Qd8+ Kb7 67. a4 a6 68. Kc5 Ka7 69. Qe7+ Ka8 70. Kb6 1-0

[Event "Charlotte Carolinas op"]
[Site "Charlotte"]
[Date "2023.06.10"]
[Round "2"]
[White "Roy, Holland Weaver"]
[Black "Ippolito, Dean"]
[Result "0-1"]
[WhiteElo "1645"]
[BlackElo "2385"]
[PlyCount "46"]
[EventDate "2023.06.09"]
[EventType "swiss"]
[EventRounds "5"]
[EventCountry "USA"]
[SourceTitle "CBM 214 Extra"]
[Source "ChessBase"]
[SourceDate "2023.07.31"]
[SourceVersion "1"]
[SourceVersionDate "2023.07.31"]
[SourceQuality "1"]

1. d4 Nf6 2. Nf3 g6 3. g3 Bg7 4. Bg2 0-0 5. 0-0 d6 6. b3 a5 7. a4 e5 8. dxe5 dxe5 9. Ba3 Qxd1 10. Rxd1 Re8 11. Nc3 e4 12. Nd4 e3 13. f4 c6 14. h3 h5 15. Bb2 Bd7 16. Rd3 Na6 17. Nd1 Nd5 18. c3 Nc5 19. Bxd5 Nxd3 20. Bg2 c5 21. Nc2 Nxb2 22. Nxb2 Bxc3 23. Rd1 Bf5 0-1

[Event "Charlotte CCCSA Spring GM-A"]
[Site "Charlotte"]
[Date "2023.03.18"]
[Round "6"]
[White "Brodsky, David"]
[Black "Ippolito, Dean"]
[Result "1/2-1/2"]
[WhiteElo "2486"]
[BlackElo "2368"]
[PlyCount "76"]
[EventDate "2023.03.15"]
[EventType "tourn"]
[EventRounds "9"]
[EventCountry "USA"]
[EventCategory "6"]
[SourceTitle "CBM 213 Extra"]
[Source "ChessBase"]
[SourceDate "2023.05.31"]
[SourceVersion "1"]
[SourceVersionDate "2023.05.31"]
[SourceQuality "1"]

1. e4 e5 2. Nf3 Nc6 3. Bb5 g6 4. d4 exd4 5. Bg5 Be7 6. Bxe7 Qxe7 7. 0-0 Nf6 8. e5 Nd5 9. Nbd2 0-0 10. Re1 Qb4 11. Bc4 Nb6 12. Bb3 d5 13. exd6 Qxd6 14. Ne4 Qd8 15. Qd2 Kg7 16. Rad1 Bg4 17. Neg5 Qf6 18. Re4 Bxf3 19. Nxf3 Rad8 20. Rf4 Qd6 21. Nxd4 Nxd4 22. Rxd4 Qxd4 23. Qxd4+ Rxd4 24. Rxd4 c5 25. Re4 Rd8 26. g4 Rd1+ 27. Kg2 Rb1 28. a4 Rxb2 29. a5 Nc8 30. Re8 Nd6 31. Rd8 c4 32. Rxd6 cxb3 33. cxb3 Rxb3 34. a6 h6 35. h4 bxa6 36. Rxa6 Rb7 37. h5 gxh5 38. gxh5 Rb5 1/2-1/2

[Event "Charlotte CCCSA Spring GM-A"]
[Site "Charlotte"]
[Date "2023.03.17"]
[Round "4"]
[White "Ringoir, Tanguy"]
[Black "Ippolito, Dean"]
[Result "1-0"]
[WhiteElo "2490"]
[BlackElo "2368"]
[PlyCount "103"]
[EventDate "2023.03.15"]
[EventType "tourn"]
[EventRounds "9"]
[EventCountry "USA"]
[EventCategory "6"]
[SourceTitle "CBM 213 Extra"]
[Source "ChessBase"]
[SourceDate "2023.05.31"]
[SourceVersion "1"]
[SourceVersionDate "2023.05.31"]
[SourceQuality "1"]

1. d4 Nf6 2. c4 g6 3. Nc3 Bg7 4. e4 d6 5. Be2 0-0 6. Nf3 e5 7. 0-0 Nc6 8. Be3 Ng4 9. Bg5 f6 10. Bc1 f5 11. dxe5 Ncxe5 12. Nxe5 Nxe5 13. exf5 Bxf5 14. Qd5+ Kh8 15. Be3 Qh4 16. f4 Nc6 17. Qd2 Rae8 18. Bf2 Qf6 19. Rad1 Be6 20. Be3 Na5 21. Bd4 Qxd4+ 22. Qxd4 Bxd4+ 23. Rxd4 c5 24. Re4 Bxc4 25. Rxc4 b5 26. Re4 b4 27. Bf3 bxc3 28. Ra4 cxb2 29. Rxa5 c4 30. Ra3 Rb8 31. Rb1 Rf5 32. Rc3 Ra5 33. a3 d5 34. Kf2 Kg7 35. Ke3 Kf6 36. Kd4 Ke6 37. Re3+ Kd6 38. Bg4 Rbb5 39. Bd1 Rb7 40. Bc2 Rab5 41. Re5 Rf7 42. g3 Rfb7 43. a4 Ra5 44. Rbe1 b1Q 45. Bxb1 Rb2 46. Re6+ Kd7 47. Re7+ Kd8 48. Rxh7 Ra6 49. Rg7 c3 50. Bxg6 Rxg6 51. Rxg6 c2 52. Rc1 1-0

[Event "Charlotte CCCSA Spring GM-A"]
[Site "Charlotte"]
[Date "2023.03.15"]
[Round "1"]
[White "Ippolito, Dean"]
[Black "Hardaway, Brewington"]
[Result "1-0"]
[WhiteElo "2368"]
[BlackElo "2394"]
[PlyCount "125"]
[EventDate "2023.03.15"]
[EventType "tourn"]
[EventRounds "9"]
[EventCountry "USA"]
[EventCategory "6"]
[SourceTitle "CBM 213 Extra"]
[Source "ChessBase"]
[SourceDate "2023.05.31"]
[SourceVersion "1"]
[SourceVersionDate "2023.05.31"]
[SourceQuality "1"]

1. d4 d5 2. c4 e6 3. Nf3 Nf6 4. g3 Be7 5. Bg2 0-0 6. 0-0 c6 7. Qc2 Nbd7 8. Rd1 b6 9. b3 Bb7 10. Nc3 Ba6 11. e4 dxc4 12. Nd2 b5 13. bxc4 bxc4 14. Na4 c5 15. dxc5 Nxc5 16. Nxc4 Qe8 17. Nxc5 Bxc5 18. Nd6 Bxd6 19. Rxd6 Rc8 20. Qd1 Bc4 21. Ba3 Qb5 22. Rb1 Qe5 23. Rc1 Qa5 24. Bb2 Rfe8 25. h4 e5 26. Bh3 Rb8 27. Bc3 Qxa2 28. Bf5 Qe2 29. g4 h6 30. g5 hxg5 31. hxg5 Nh5 32. Qxe2 Bxe2 33. g6 Nf6 34. f4 exf4 35. Bxf6 gxf6 36. Rc7 Rf8 37. Rxf6 Bh5 38. gxf7+ Bxf7 39. Rxa7 Rb1+ 40. Kh2 Rb2+ 41. Kh3 Rb3+ 42. Kh4 Rg3 43. Bg4 Kg7 44. Rxf4 Rg1 45. Kg5 Kg8 46. e5 Re1 47. Rf5 Rg1 48. Rf6 Kg7 49. Rg6+ Kh7 50. Kf6 Rf1+ 51. Bf5 Kh8 52. Rxf7 Rxf5+ 53. Kxf5 Rxf7+ 54. Ke6 Ra7 55. Kf6 Kh7 56. Rg1 Ra2 57. e6 Rf2+ 58. Ke7 Re2 59. Kf7 Rf2+ 60. Ke8 Re2 61. e7 Kh8 62. Rd1 Kg7 63. Kd8 1-0

[Event "US Masters op"]
[Site "Charlotte"]
[Date "2022.11.27"]
[Round "9"]
[White "Grinberg, Eyal"]
[Black "Ippolito, Dean"]
[Result "1-0"]
[WhiteElo "2491"]
[BlackElo "2368"]
[PlyCount "141"]
[EventDate "2022.11.23"]
[EventType "swiss"]
[EventRounds "9"]
[EventCountry "USA"]
[SourceTitle "CBM 211 Extra"]
[Source "ChessBase"]
[SourceDate "2023.01.31"]
[SourceVersion "1"]
[SourceVersionDate "2023.01.31"]
[SourceQuality "1"]

1. e4 e5 2. Nf3 Nc6 3. Bb5 Nf6 4. d3 Bc5 5. c3 d5 6. Nbd2 0-0 7. 0-0 dxe4 8. dxe4 Qe7 9. Qc2 a5 10. a4 Nb8 11. Be2 Nbd7 12. Nc4 Re8 13. Bg5 b6 14. Ne3 Bb7 15. Nf5 Qe6 16. Nd2 Kh8 17. Ne3 h6 18. Bc4 Qe7 19. Nf5 Qf8 20. Bh4 g6 21. Ne3 c6 22. Rae1 Ba6 23. Bxa6 Rxa6 24. Kh1 Raa8 25. Qb3 Nh5 26. Ndc4 Re6 27. Ng4 Kh7 28. Qd1 Qe8 29. Qd2 Bf8 30. Rd1 Nc5 31. Qc2 b5 32. axb5 cxb5 33. Nce3 Qc6 34. Nd5 Bg7 35. f3 a4 36. Bf2 Nb3 37. Be3 Rd6 38. Nb4 Qc4 39. Kg1 Rad8 40. Nd5 Nd4 41. Qb1 Ne2+ 42. Kh1 Nef4 43. Bxf4 Nxf4 44. Nge3 Qc5 45. g3 Nxd5 46. Nxd5 Qc4 47. Kg2 h5 48. Qd3 Qb3 49. Qe2 Kh8 50. Ra1 Rxd5 51. exd5 Qxd5 52. Rad1 Qa8 53. Rxd8+ Qxd8 54. Qxb5 a3 55. bxa3 Qd2+ 56. Rf2 Qxc3 57. Qe8+ Kh7 58. Qxf7 Qxa3 59. Ra2 Qd3 60. Ra7 Qc2+ 61. Kh3 Qc8+ 62. Rd7 Qh8 63. Kg2 Kh6 64. Rd6 Qh7 65. h4 Bh8 66. Qf5 Qg7 67. Qg5+ Kh7 68. Re6 Qg8 69. Re7+ Bg7 70. Qxe5 Kh8 71. Qe6 1-0

[Event "US Masters op"]
[Site "Charlotte"]
[Date "2022.11.24"]
[Round "2"]
[White "Liang, Awonder"]
[Black "Ippolito, Dean"]
[Result "1/2-1/2"]
[WhiteElo "2630"]
[BlackElo "2368"]
[PlyCount "76"]
[EventDate "2022.11.23"]
[EventType "swiss"]
[EventRounds "9"]
[EventCountry "USA"]
[SourceTitle "CBM 211 Extra"]
[Source "ChessBase"]
[SourceDate "2023.01.31"]
[SourceVersion "1"]
[SourceVersionDate "2023.01.31"]
[SourceQuality "1"]

1. Nf3 Nf6 2. c4 g6 3. Nc3 Bg7 4. e4 d6 5. d4 0-0 6. Be2 e5 7. 0-0 Nc6 8. d5 Ne7 9. b4 a5 10. bxa5 Rxa5 11. a4 Ra8 12. Re1 b6 13. Nd2 Nd7 14. Nb3 Nc5 15. a5 Nxb3 16. Qxb3 bxa5 17. c5 dxc5 18. Ba3 Re8 19. Bxc5 Bf8 20. Bc4 Ba6 21. Nb5 Nc8 22. d6 Bxb5 23. Bxb5 Rb8 24. Qd3 Re6 25. dxc7 Qxc7 26. Bxf8 Kxf8 27. Rec1 Qb6 28. Bc4 Rf6 29. Ra2 Kg7 30. g3 Ne7 31. Bd5 Nc6 32. Bxc6 Rxc6 33. Rxc6 Qxc6 34. Rxa5 Qc1+ 35. Kg2 Rb1 36. Rxe5 Qh1+ 37. Kh3 Rg1 38. Qd4 Rd1 1/2-1/2

[Event "Charlotte CCCSA Fall GM-C"]
[Site "Charlotte"]
[Date "2022.11.21"]
[Round "7"]
[White "Ippolito, Dean"]
[Black "Macieja, Bartlomiej"]
[Result "1/2-1/2"]
[WhiteElo "2368"]
[BlackElo "2514"]
[PlyCount "20"]
[EventDate "2022.11.18"]
[EventType "tourn"]
[EventRounds "9"]
[EventCountry "USA"]
[EventCategory "5"]
[SourceTitle "CBM 211 Extra"]
[Source "ChessBase"]
[SourceDate "2023.01.31"]
[SourceVersion "1"]
[SourceVersionDate "2023.01.31"]
[SourceQuality "1"]

1. d4 Nf6 2. c4 e6 3. g3 c5 4. d5 exd5 5. cxd5 d6 6. Nc3 g6 7. Bg2 Bg7 8. Nf3 0-0 9. 0-0 Re8 10. Bf4 Na6 1/2-1/2

[Event "Charlotte CCCSA Summer GM-A"]
[Site "Charlotte"]
[Date "2022.07.28"]
[Round "7"]
[White "Ippolito, Dean"]
[Black "Korley, Kassa"]
[Result "1/2-1/2"]
[WhiteElo "2361"]
[BlackElo "2421"]
[PlyCount "124"]
[EventDate "2022.07.24"]
[EventType "tourn"]
[EventRounds "9"]
[EventCountry "USA"]
[EventCategory "7"]
[SourceTitle "CBM 209 Extra"]
[Source "ChessBase"]
[SourceDate "2022.09.30"]
[SourceVersion "1"]
[SourceVersionDate "2022.09.30"]
[SourceQuality "1"]

1. d4 d5 2. c4 e6 3. Nf3 a6 4. Bg5 Be7 5. Bxe7 Qxe7 6. Nbd2 Nf6 7. g3 0-0 8. Bg2 c5 9. cxd5 exd5 10. dxc5 Qxc5 11. 0-0 Nc6 12. Rc1 Qe7 13. Nb3 Bd7 14. Nc5 Bg4 15. Re1 Rac8 16. a3 Rfd8 17. Nd4 Ne4 18. Nxc6 Rxc6 19. Nd3 Rcd6 20. Qa4 Bf5 21. Qd4 h6 22. Rc2 Ng5 23. Rec1 Ne6 24. Qe5 Bxd3 25. exd3 Qg5 26. Qxg5 hxg5 27. Rc8 Kf8 28. Rxd8+ Rxd8 29. Re1 b6 30. Re5 d4 31. b4 Ke7 32. Bb7 Kf6 33. Re1 a5 34. Rc1 axb4 35. axb4 Rd7 36. Be4 Rc7 37. Ra1 Ke5 38. Ra6 f5 39. Bf3 g4 40. Be2 Ng5 41. Rxb6 Nh3+ 42. Kg2 Rc2 43. Rb8 Kf6 44. Re8 Rc1 45. Bf1 Rb1 46. Rf8+ Kg6 47. Re8 Rb2 48. Re6+ Kf7 49. Re2 Rxb4 50. Rd2 Rb1 51. f3 gxf3+ 52. Kxf3 Rxf1+ 53. Kg2 Rg1+ 54. Kxh3 g5 55. Rf2 g4+ 56. Kh4 Kf6 57. Ra2 Rd1 58. Ra6+ Ke5 59. Ra5+ Ke6 60. Ra6+ Kd7 61. Kg5 Rxd3 62. Kxf5 Rd2 1/2-1/2

[Event "Charlotte CCCSA Summer GM-A"]
[Site "Charlotte"]
[Date "2022.07.28"]
[Round "8"]
[White "Mulyar, Michael A"]
[Black "Ippolito, Dean"]
[Result "0-1"]
[WhiteElo "2347"]
[BlackElo "2361"]
[PlyCount "88"]
[EventDate "2022.07.24"]
[EventType "tourn"]
[EventRounds "9"]
[EventCountry "USA"]
[EventCategory "7"]
[SourceTitle "CBM 209 Extra"]
[Source "ChessBase"]
[SourceDate "2022.09.30"]
[SourceVersion "1"]
[SourceVersionDate "2022.09.30"]
[SourceQuality "1"]

1. d4 Nf6 2. Nf3 g6 3. c4 Bg7 4. g3 0-0 5. Bg2 d6 6. 0-0 c5 7. Nc3 Nc6 8. d5 Na5 9. Nd2 e6 10. Qc2 Re8 11. b3 exd5 12. cxd5 b5 13. Bb2 b4 14. Nce4 Nxe4 15. Bxe4 Bxb2 16. Qxb2 c4 17. bxc4 Nxc4 18. Nxc4 Rxe4 19. Ne3 Qg5 20. Qc2 Qe7 21. Qd2 Bh3 22. Rfb1 Qe5 23. Re1 a5 24. Rac1 Rd4 25. Qc2 Re8 26. Rcd1 Re4 27. Qd3 a4 28. Nc4 Qe7 29. e3 Qf6 30. Nd2 R4e7 31. Qb5 Qc3 32. Qxa4 Bg4 33. Nb1 Bxd1 34. Qxe8+ Rxe8 35. Nxc3 Bf3 36. Nb5 Ra8 37. e4 Rxa2 38. Nd4 Bg4 39. Kg2 Rd2 40. Nb5 b3 41. Rb1 b2 42. Nc3 Rd3 43. Nb5 Bf3+ 44. Kh3 Rb3 0-1

[Event "Charlotte CCCSA Summer GM-A"]
[Site "Charlotte"]
[Date "2022.07.26"]
[Round "4"]
[White "Turgut, Aydin"]
[Black "Ippolito, Dean"]
[Result "0-1"]
[WhiteElo "2360"]
[BlackElo "2361"]
[PlyCount "112"]
[EventDate "2022.07.24"]
[EventType "tourn"]
[EventRounds "9"]
[EventCountry "USA"]
[EventCategory "7"]
[SourceTitle "CBM 209 Extra"]
[Source "ChessBase"]
[SourceDate "2022.09.30"]
[SourceVersion "1"]
[SourceVersionDate "2022.09.30"]
[SourceQuality "1"]

1. e4 e5 2. Nf3 Nc6 3. Bc4 Bc5 4. 0-0 Nf6 5. d3 a6 6. c3 d6 7. Bb3 0-0 8. Nbd2 Ba7 9. h3 h6 10. Re1 Re8 11. Nf1 Be6 12. Bc2 d5 13. exd5 Bxd5 14. Ng3 Qd6 15. Nh4 Ne7 16. Qe2 b5 17. Be3 Bxe3 18. Qxe3 Qc6 19. Kh2 Rad8 20. a3 Rd6 21. f3 Be6 22. Ne4 Nfd5 23. Qf2 Rdd8 24. g3 Bc8 25. Nc5 Qf6 26. d4 Nc6 27. Be4 Nde7 28. dxe5 Nxe5 29. Ng2 Nf5 30. Nf4 Nh4 31. Kh1 Nf5 32. Nd5 Qd6 33. f4 Nc4 34. Rad1 Kh8 35. b4 c6 36. Ne3 Qf6 37. Rxd8 Rxd8 38. Nd1 Rd2 39. Qf3 Nfd6 40. g4 Qh4 41. Rg1 Be6 42. f5 Nxe4 43. fxe6 Ng5 44. exf7 Rh2+ 45. Kxh2 Nxf3+ 46. Kg2 Qf6 47. Rf1 Ncd2 48. Rf2 Qxf7 49. Ne3 Qf4 50. Nf1 Nh4+ 51. Kg1 Ndf3+ 52. Kh1 Qc1 53. Nd3 Qxc3 54. Nf4 Qd4 55. Ng6+ Nxg6 56. Rxf3 Qd5 0-1